000 00750nam a2200253 a 4500
001 BRL_1401
005 20190320211203.0
008 130114s1936----nyub######---#000-0#eng-#
041 _aeng
044 _au
050 4 _aF1376
_b.B56 1936
100 1 _aBlom, Frans Ferdinand
_d1893-1963
_926786
245 1 0 _aThe conquest of Yucatan
_cFrans Blom.
260 _aNew York
_bHoughton Mifflin
_c1936
300 _ax, 237 p.
_bil., fotografías, mapas
_c22 cm.
440 0 _aHistorical Books
_926787
500 _aAu1681
500 _aEstado físico: Camisa desgarrada.
504 _aBibliografía: p. 215- 220
650 1 4 _aMayas
_xHistoria
_923497
651 4 _aYucatán
_xHistoria
_yConquista, 1519-1540
_926788
902 _aGRL
942 _2lcc
_cB
999 _c10212
_d10212